[Event "West Wales Open"]
[Site "Pontlliw"]
[Date "2025.11.14"]
[Round "1.4"]
[White "Van Kemenade, Rudy"]
[Black "Pintea, Ovidiu"]
[Result "1-0"]
[WhiteElo "1937"]
[BlackElo "1614"]
[BlackFideId "-1"]
[PlyCount "97"]
[GameId "2244262428930294"]
[EventDate "2025.11.14"]
[EventType "swiss"]
[EventRounds "5"]
[EventCountry "WLS"]

1. e4 e5 2. Nf3 Nc6 3. Bb5 a6 4. Ba4 Nf6 5. d3 b5 6. Bb3 Be7 7. O-O O-O 8. Re1 d6 9. c3 Na5 10. Bc2 c5 11. Nbd2 Bb7 12. h3 Qc7 13. Nf1 Rfe8 14. a4 Nc6 15. d4 cxd4 16. cxd4 Nxd4 17. Nxd4 exd4 18. axb5 axb5 19. Rxa8 Bxa8 20. Bd3 Qc5 21. Ng3 g6 22. Bf4 Bf8 23. Qb3 h5 24. f3 Nd7 25. Rc1 Qb6 26. Qxb5 Qxb5 27. Bxb5 h4 28. Ne2 d3 29. Bxd7 Rd8 30. Bb5 dxe2 31. Bxe2 Kg7 32. Rc7 d5 33. e5 d4 34. e6 d3 35. Bd1 Kf6 36. Rxf7+ Kxe6 37. Bb3+ Bd5 38. Bxd5+ Kxd5 39. Bg5 Bc5+ 40. Kf1 Ra8 41. Rd7+ Kc4 42. b3+ Kc3 43. Bf6+ Kc2 44. Rd5 Rc8 45. Bg5 Bb4 46. Be3 Re8 47. Kf2 Rxe3 48. Kxe3 Bd2+ 49. Ke4 1-0

[Event "West Wales Open"]
[Site "Pontlliw"]
[Date "2025.11.14"]
[Round "1.6"]
[White "Brewer, Ben"]
[Black "Burton, Henry"]
[Result "1-0"]
[WhiteElo "1828"]
[BlackElo "1446"]
[WhiteFideId "-1"]
[BlackFideId "-1"]
[PlyCount "93"]
[GameId "2254300946047153"]
[EventDate "2025.11.14"]
[EventType "swiss"]
[EventRounds "5"]
[EventCountry "WLS"]

1. e4 c5 2. Nc3 e6 3. f4 Nc6 4. Nf3 a6 5. g3 d5 6. d3 g6 7. Bg2 Bg7 8. O-O Nf6 9. e5 Nd7 10. d4 O-O 11. Be3 cxd4 12. Nxd4 Ndb8 13. Na4 f6 14. Bh3 Re8 15. exf6 Bxf6 16. c3 Nxd4 17. Bxd4 Bxd4+ 18. cxd4 Nc6 19. Rc1 Qf6 20. Rxc6 bxc6 21. Nc5 Rb8 22. Qd2 a5 23. a3 Re7 24. Re1 Kf7 25. Qc3 Rb5 26. Re5 Kg7 27. Bf1 Rb6 28. Na4 Rbb7 29. Bd3 Ra7 30. Qxc6 Rec7 31. Qb6 Rcb7 32. Qc5 Rc7 33. Qd6 Rd7 34. Qb8 Rdc7 35. Nc5 Qe7 36. Qb6 Rab7 37. Nxb7 Rxb7 38. Qxa5 Rxb2 39. Qxd5 Qxa3 40. Qc4 Qa1+ 41. Bf1 Rb1 42. Qc7+ Kh6 43. Qe7 Rxf1+ 44. Kg2 Rg1+ 45. Kh3 Qf1+ 46. Kh4 Qf3 47. Qf8# 1-0

[Event "West Wales Open"]
[Site "Pontlliw"]
[Date "2025.11.14"]
[Round "1.10"]
[White "McCarthy, Maurice"]
[Black "Van Kemenade, Julie"]
[Result "1-0"]
[WhiteElo "1961"]
[BlackElo "1748"]
[WhiteFideId "-1"]
[BlackFideId "-1"]
[PlyCount "73"]
[GameId "2245926435192613"]
[EventDate "2025.11.14"]
[EventType "swiss"]
[EventRounds "5"]
[EventCountry "WLS"]

1. d4 Nf6 2. Nf3 d6 3. c4 Nbd7 4. Nc3 c6 5. e4 e5 6. Be2 Be7 7. h3 Qc7 8. Be3 h6 9. Qd2 Nf8 10. O-O-O Ng6 11. Kb1 Bd7 12. g4 b5 13. cxb5 Rb8 14. bxc6 Bxc6 15. d5 Bd7 16. Ne1 Nh7 17. Ng2 Bg5 18. h4 Bxe3 19. Nxe3 Ke7 20. Nf5+ Bxf5 21. gxf5 Nf4 22. Bb5 Qc5 23. Bc6 Qb4 24. f3 Nd3 25. Nb5 Qxb2+ 26. Qxb2 Nxb2 27. Kxb2 a6 28. a4 axb5 29. axb5 Nf6 30. Ra1 Nh5 31. Ra7+ Kf6 32. Rha1 g5 33. fxg6 Kxg6 34. Rd7 Rbd8 35. Rxd8 Rxd8 36. b6 Nf6 37. b7 1-0

[Event "West Wales Open"]
[Site "Pontlliw"]
[Date "2025.11.14"]
[Round "1.11"]
[White "Shevchenko, Danylo"]
[Black "Underwood, Jon"]
[Result "1/2-1/2"]
[WhiteElo "1717"]
[BlackElo "1990"]
[WhiteFideId "-1"]
[BlackFideId "-1"]
[PlyCount "84"]
[GameId "2254943374581797"]
[EventDate "2025.11.14"]
[EventType "swiss"]
[EventRounds "5"]
[EventCountry "WLS"]

1. e4 c5 2. Nf3 d6 3. Bb5+ Bd7 4. Bxd7+ Nxd7 5. O-O Ngf6 6. Re1 Rc8 7. c3 e6 8. d4 cxd4 9. cxd4 d5 10. e5 Ne4 11. Nbd2 Nxd2 12. Bxd2 Nb6 13. Ba5 Qd7 14. Bxb6 axb6 15. Qb3 b5 16. Rac1 Rc4 17. Qe3 Bb4 18. Nd2 Rc6 19. a3 Ba5 20. Red1 Bb6 21. Rc3 O-O 22. Rdc1 Rfc8 23. Rxc6 Rxc6 24. Rxc6 Qxc6 25. Qc3 Qxc3 26. bxc3 Ba5 27. Nb1 f6 28. f4 Kf7 29. Kf2 fxe5 30. fxe5 Ke8 31. Ke3 Bd8 32. Kd3 Be7 33. Ke2 Kd7 34. Kd3 Kc6 35. Kc2 Kb6 36. Kb3 Bg5 37. a4 Ka5 38. axb5 Kxb5 39. Na3+ Kc6 40. Kc2 Be3 41. h3 Kb6 42. Kb3 Ka5 1/2-1/2

[Event "West Wales Open"]
[Site "Pontlliw"]
[Date "2025.11.15"]
[Round "2.2"]
[White "Woodruff, Adam C"]
[Black "Brewer, Ben"]
[Result "0-1"]
[WhiteElo "2054"]
[BlackElo "1828"]
[WhiteFideId "-1"]
[BlackFideId "-1"]
[PlyCount "68"]
[GameId "2254948130783498"]
[EventDate "2025.11.14"]
[EventType "swiss"]
[EventRounds "5"]
[EventCountry "WLS"]

1. e4 e6 2. d4 d5 3. e5 c5 4. c3 Nc6 5. Nf3 Nge7 6. Na3 cxd4 7. cxd4 Nf5 8. Nc2 Be7 9. Bd3 O-O 10. O-O Bd7 11. Bd2 Rc8 12. Bc3 Nh6 13. Qd2 f6 14. Rfe1 f5 15. Qf4 Kh8 16. Bd2 Nf7 17. h4 Rg8 18. Ng5 Qf8 19. Nxf7+ Qxf7 20. g4 g5 21. Qh2 gxh4 22. g5 Bxg5 23. Bxg5 Rxg5+ 24. Kf1 Qh5 25. Be2 Qh6 26. Bf3 Be8 27. Rac1 Rg8 28. Ne3 Nxd4 29. Rxc8 Nxf3 30. Qh3 Bb5+ 31. Nc4 Nd2+ 32. Ke2 Rxc8 33. Rg1 Rxc4 34. Kd1 Nf3 0-1

[Event "West Wales Open"]
[Site "Pontlliw"]
[Date "2025.11.15"]
[Round "2.4"]
[White "Young, Alan J"]
[Black "Sipho, Donovan"]
[Result "1-0"]
[Annotator "Home"]
[WhiteElo "1951"]
[BlackElo "1793"]
[WhiteFideId "-1"]
[BlackFideId "-1"]
[PlyCount "67"]
[GameId "2254951905841444"]
[EventDate "2025.11.14"]
[EventType "swiss"]
[EventRounds "5"]
[EventCountry "WLS"]

{[%evp 0,67,21,25,30,26,17,-54,12,49,64,61,56,38,80,40,62,89,77,-26,24,55,41,27,82,44,58,49,185,154,69,59,71,57,59,48,142,110,508,529,754,561,810,793,783,845,811,702,700,707,723,622,703,720,747,766,776,794,758,794,827,745,786,734,762,772,812,819,780,795]} 1. e4 c5 2. Nf3 Nc6 3. c3 e5 4. Bc4 d6 5. d4 cxd4 6. cxd4 exd4 7. Nxd4 Be7 8. Nxc6 bxc6 9. Qh5 g6 10. Qf3 Nf6 11. Bh6 Bg4 12. Qb3 d5 13. exd5 Nxd5 14. Nc3 Rb8 15. Qa4 Qd7 16. Bxd5 cxd5 17. Qxd7+ Bxd7 18. Nxd5 Rxb2 19. Bg7 Rxf2 20. Kxf2 Bc5+ 21. Ke2 Rf8 22. Nf6+ Kd8 23. Rad1 Re8+ 24. Nxe8 Kxe8 25. h3 f5 26. Bd4 Bb5+ 27. Kf2 Be7 28. Rhe1 Kf7 29. Bxa7 f4 30. Rxe7+ Kxe7 31. Bc5+ Ke6 32. Rd4 Ke5 33. a4 Bc6 34. a5 1-0

[Event "West Wales Open"]
[Site "Pontlliw"]
[Date "2025.11.15"]
[Round "2.5"]
[White "Di-Vetta, Andrew"]
[Black "Van Kemenade, Rudy"]
[Result "0-1"]
[WhiteElo "1789"]
[BlackElo "1937"]
[WhiteFideId "-1"]
[PlyCount "120"]
[GameId "2244755449806911"]
[EventDate "2025.11.14"]
[EventType "swiss"]
[EventRounds "5"]
[EventCountry "WLS"]

1. Nf3 d6 2. b3 e5 3. Nc3 Nc6 4. Bb2 f5 5. d3 Nf6 6. e4 g6 7. Qd2 Bg7 8. h3 O-O 9. O-O-O d5 10. exd5 Nxd5 11. Nxd5 Qxd5 12. Be2 Qd6 13. Qc3 Re8 14. Kb1 Re7 15. Qd2 Nd8 16. d4 e4 17. Ne5 Bxe5 18. dxe5 Qxd2 19. Rxd2 Nc6 20. f4 exf3 21. Bxf3 Be6 22. Rhd1 Rae8 23. Bxc6 bxc6 24. c4 f4 25. Rd8 g5 26. Ba3 Bf5+ 27. Kc1 Rxe5 28. Bb2 Re2 29. Rxe8+ Rxe8 30. Bc3 Re2 31. Rd2 Re3 32. Bd4 Rg3 33. Bxa7 Be4 34. Rd8+ Kf7 35. Bc5 Rxg2 36. Rd7+ Kg6 37. Rd2 Rg3 38. Rh2 Bf5 39. h4 g4 40. h5+ Kf7 41. Re2 f3 42. Re5 Be6 43. a4 Rg2 44. Re1 g3 45. a5 Ra2 46. Re3 Bg4 47. Re4 Bxh5 48. b4 f2 49. Rf4+ Kg6 50. Kb1 Ra3 51. Bxf2 gxf2 52. Rxf2 Ra4 53. Rb2 Kf6 54. Kc2 c5 55. Kd2 cxb4 56. Ke3 c5 57. Ke4 Ke6 58. Kf4 Rxa5 59. Kg5 Bg6 60. Re2+ Kd6 0-1

[Event "West Wales Open"]
[Site "Pontlliw"]
[Date "2025.11.15"]
[Round "2.6"]
[White "Bahtiyorova, Nodirabegim"]
[Black "Kett, Timothy J"]
[Result "0-1"]
[WhiteElo "1757"]
[BlackElo "2094"]
[WhiteFideId "-1"]
[BlackFideId "-1"]
[PlyCount "132"]
[GameId "2254954226201326"]
[EventDate "2025.11.14"]
[EventType "swiss"]
[EventRounds "5"]
[EventCountry "WLS"]

1. e4 c5 2. Nf3 Nc6 3. d4 cxd4 4. Nxd4 Nf6 5. Nc3 d6 6. h3 e6 7. Be3 a6 8. a3 Bd7 9. Bd3 Be7 10. O-O O-O 11. Qd2 Rc8 12. Rad1 Ne5 13. f3 Qc7 14. Qf2 Nc4 15. Bxc4 Qxc4 16. Nde2 b5 17. Rd4 Qc7 18. Rfd1 Bc6 19. R4d2 d5 20. exd5 Nxd5 21. Nxd5 Bxd5 22. Nf4 Bc6 23. c3 g6 24. Kh1 Rfe8 25. Nd3 e5 26. Nb4 Qb7 27. Nd5 Bxd5 28. Rxd5 Rcd8 29. Rxd8 Rxd8 30. Rxd8+ Bxd8 31. Qd2 Be7 32. Kg1 Qc6 33. Qd3 f5 34. Kf1 Kf7 35. Bc1 Ke6 36. Ke2 Qd5 37. Be3 e4 38. fxe4 fxe4 39. Qd4 Qxd4 40. cxd4 Kd5 41. Kd2 a5 42. Kc3 Bh4 43. Kc2 a4 44. b3 Be7 45. Kb2 h5 46. g4 hxg4 47. hxg4 Bf8 48. Bf2 Bh6 49. bxa4 bxa4 50. Kc3 e3 51. Be1 Bf8 52. Kd3 Bxa3 53. Kxe3 Bb2 54. Bb4 a3 55. Bxa3 Bxa3 56. Kd3 Bc1 57. Kc2 Be3 58. Kd3 Bxd4 59. g5 Ke5 60. Ke2 Kf4 61. Kf1 Kxg5 62. Kg2 Kg4 63. Kh2 Bh8 64. Kg2 g5 65. Kh2 Kf3 66. Kg1 g4 0-1

[Event "West Wales Open"]
[Site "Pontlliw"]
[Date "2025.11.15"]
[Round "2.9"]
[White "Jukes, Sam"]
[Black "Shevchenko, Danylo"]
[Result "1-0"]
[WhiteElo "1891"]
[BlackElo "1717"]
[BlackFideId "-1"]
[PlyCount "55"]
[GameId "2254961992491944"]
[EventDate "2025.11.14"]
[EventType "swiss"]
[EventRounds "5"]
[EventCountry "WLS"]

1. e4 e5 2. Nf3 Nc6 3. Bc4 Bc5 4. c3 Nf6 5. d3 d6 6. a4 a5 7. O-O h6 8. Nbd2 O-O 9. Re1 Bg4 10. Nf1 Qd7 11. h3 Bh5 12. Ng3 Bg6 13. Nh4 Kh7 14. Qf3 Ne7 15. Be3 Bxe3 16. Rxe3 Rae8 17. d4 Nc6 18. d5 Ne7 19. b4 Ra8 20. b5 b6 21. Bd3 Rae8 22. Qe2 Qc8 23. c4 Nd7 24. Ngf5 Nc5 25. Bc2 Bxf5 26. exf5 e4 27. Qg4 Ng8 28. Rg3 1-0

[Event "West Wales Open"]
[Site "Pontlliw"]
[Date "2025.11.15"]
[Round "2.10"]
[White "Bakhtiyarov, Kamronbek"]
[Black "Williams, John A"]
[Result "1-0"]
[Annotator "Home"]
[WhiteElo "1847"]
[BlackElo "1686"]
[WhiteFideId "-1"]
[BlackFideId "-1"]
[PlyCount "56"]
[GameId "2254962985513908"]
[EventDate "2025.11.14"]
[EventType "swiss"]
[EventRounds "5"]
[EventCountry "WLS"]

1. e4 d6 2. d4 Nf6 3. Nc3 e5 4. dxe5 dxe5 5. Qxd8+ Kxd8 6. Nf3 Nbd7 7. Bc4 Ke8 8. O-O (8. Ng5) 8... h6 9. Nb5 Bd6 10. Nxd6+ cxd6 11. Re1 Nc5 12. Nd2 Ke7 13. b4 Ne6 14. Nb3 Bd7 15. a4 Rhc8 16. Bd3 a6 17. a5 Bb5 18. Rd1 Bxd3 19. cxd3 Rc3 20. Rb1 Rac8 21. Na1 Nd4 22. Bb2 R3c7 23. Bxd4 exd4 24. Nb3 d5 25. Nxd4 dxe4 26. dxe4 Rc4 27. Nf5+ Kf8 28. Nd6 Rxe4 1-0

[Event "West Wales Open"]
[Site "Pontlliw"]
[Date "2025.11.15"]
[Round "2.11"]
[White "Westcott, Dale"]
[Black "Murthy, Arush"]
[Result "1-0"]
[Annotator "Home"]
[WhiteElo "1824"]
[BlackElo "1599"]
[BlackFideId "-1"]
[PlyCount "83"]
[GameId "2254964721873946"]
[EventDate "2025.11.14"]
[EventType "swiss"]
[EventRounds "5"]
[EventCountry "WLS"]

{[%evp 0,83,12,30,23,-62,44,37,32,35,20,19,37,27,37,24,42,49,48,61,58,45,55,40,44,23,30,30,22,17,17,2,11,-16,31,-20,-11,-11,5,-27,75,-43,44,-49,-6,2,-23,-90,97,-48,145,-6,-9,117,82,182,335,379,504,474,608,631,641,602,737,676,705,685,1558,728,29983,29984,2351,29980,29985,1174,29987,29988,29989,29990,29991,29992,29997,29998,29999,29999]} 1. d4 Nf6 2. c4 g6 3. Nc3 d5 4. Nf3 Bg7 5. Qb3 c6 6. cxd5 cxd5 7. Bf4 a6 8. e3 Nc6 9. Be2 O-O 10. O-O Na5 11. Qd1 Nh5 12. Be5 f6 13. Bg3 Nxg3 14. hxg3 Be6 15. Rc1 Bf7 16. Qd2 Nc4 17. Bxc4 dxc4 18. a4 Qd7 19. Rfd1 b5 20. axb5 axb5 21. Ne4 Ra2 22. Ra1 Rfa8 23. Nc5 Qa7 24. Rxa2 Qxa2 25. g4 Bf8 26. g5 Be8 27. d5 e5 28. d6 Rd8 29. d7 Bf7 30. Nb7 Be7 31. Nxd8 Bxd8 32. gxf6 Qb3 33. Nxe5 b4 34. Nxf7 c3 35. Nh6+ Kh8 36. bxc3 bxc3 37. Qd5 Qxd1+ 38. Qxd1 c2 39. Qxc2 Bxf6 40. d8=Q+ Bxd8 41. Qc3+ Bf6 42. Qxf6# 1-0

[Event "West Wales Open"]
[Site "Pontlliw"]
[Date "2025.11.15"]
[Round "1.16"]
[White "Phaneuf, Devrim"]
[Black "Chen, Wutong"]
[Result "0-1"]
[WhiteElo "1604"]
[BlackElo "1698"]
[WhiteFideId "-1"]
[BlackFideId "-1"]
[PlyCount "62"]
[GameId "2254972563916281"]
[EventDate "2025.11.14"]
[EventType "swiss"]
[EventRounds "5"]
[EventCountry "WLS"]

1. b3 d5 2. Bb2 c5 3. e3 Nc6 4. Nf3 Nf6 5. h3 Bf5 6. Bb5 e6 7. Ne5 Rc8 8. O-O Bd6 9. f4 h5 10. c4 a6 11. Bxc6+ bxc6 12. d3 h4 13. Nf3 Nh5 14. d4 Ng3 15. Re1 Qf6 16. Qd2 Qg6 17. dxc5 Ne4 18. cxd6 Nxd2 19. d7+ Ke7 20. dxc8=N+ Rxc8 21. Nbxd2 Bxh3 22. Nxh4 Qg3 23. Ndf3 f6 24. Kh1 Bxg2+ 25. Nxg2 Qxf3 26. Kg1 Rh8 27. Rf1 Qg3 28. Rf2 Rh2 29. Kf1 Qg4 30. Kg1 Qh5 31. Rff1 Qh3 0-1

[Event "West Wales Open"]
[Site "Pontlliw"]
[Date "2025.11.15"]
[Round "3.4"]
[White "Kett, Timothy J"]
[Black "Bakhtiyarov, Kamronbek"]
[Result "1/2-1/2"]
[WhiteElo "2094"]
[BlackElo "1847"]
[WhiteFideId "-1"]
[BlackFideId "-1"]
[PlyCount "66"]
[GameId "2254978079410343"]
[EventDate "2025.11.14"]
[EventType "swiss"]
[EventRounds "5"]
[EventCountry "WLS"]

1. Nf3 Nf6 2. g3 d5 3. Bg2 c6 4. O-O g6 5. b3 Bg7 6. Bb2 Bg4 7. h3 Bxf3 8. Bxf3 Nbd7 9. d3 O-O 10. Nd2 e5 11. e4 Re8 12. Qe2 Rc8 13. Rfe1 d4 14. Nc4 Bf8 15. Qd2 b5 16. Na5 b4 17. Nc4 Nb6 18. Bg2 Nxc4 19. bxc4 c5 20. Bc1 Nh5 21. Bf3 Ng7 22. Kh2 Ne6 23. Bg4 Bd6 24. a3 a5 25. Rf1 Qc7 26. axb4 axb4 27. Qe2 Rcd8 28. Bh6 Bf8 29. Bd2 Ng7 30. Bg5 Ra8 31. Qd2 h5 32. Be2 Ne6 33. Bh6 Kh7 1/2-1/2

[Event "West Wales Open"]
[Site "Pontlliw"]
[Date "2025.11.15"]
[Round "3.6"]
[White "Pleasants, Allan J"]
[Black "White, Chris R"]
[Result "1/2-1/2"]
[WhiteElo "2003"]
[BlackElo "1894"]
[BlackFideId "-1"]
[PlyCount "54"]
[GameId "2254980731009237"]
[EventDate "2025.11.14"]
[EventType "swiss"]
[EventRounds "5"]
[EventCountry "WLS"]

1. Nf3 Nf6 2. d4 d5 3. e3 c6 4. Bd3 Nbd7 5. Nbd2 Qc7 6. Qe2 e6 7. O-O Be7 8. Re1 O-O 9. e4 dxe4 10. Nxe4 Nxe4 11. Qxe4 g6 12. Bh6 Re8 13. Ne5 Nxe5 14. dxe5 b6 15. h4 Bb7 16. h5 c5 17. Qg4 Bf8 18. Bxf8 Kxf8 19. Re3 Rad8 20. c3 Rd7 21. Qf4 Bc6 22. hxg6 f5 23. Rg3 hxg6 24. Bc4 Rg7 25. Re1 b5 26. Bf1 Qe7 27. Rg5 Kf7 1/2-1/2

[Event "West Wales Open"]
[Site "Pontlliw"]
[Date "2025.11.15"]
[Round "3.7"]
[White "Zeidler, Sven P"]
[Black "Di-Vetta, Andrew"]
[Result "1-0"]
[WhiteElo "2100"]
[BlackElo "1789"]
[WhiteFideId "-1"]
[BlackFideId "-1"]
[PlyCount "89"]
[GameId "2254981962950901"]
[EventDate "2025.11.14"]
[EventType "swiss"]
[EventRounds "5"]
[EventCountry "WLS"]

1. e4 c5 2. Nc3 Nc6 3. Bb5 g6 4. Bxc6 dxc6 5. d3 Bg7 6. f4 Nf6 7. Nf3 O-O 8. O-O Qc7 9. Qe1 b5 10. Qh4 Bg4 11. f5 Bxf3 12. Rxf3 Qe5 13. Bf4 Qd4+ 14. Be3 Qe5 15. Raf1 Nd7 16. Rh3 h5 17. Rg3 Qd6 18. Ne2 Bf6 19. Qh3 Be5 20. Nf4 Nf6 21. fxg6 fxg6 22. Rxg6+ Kf7 23. Rxf6+ exf6 24. Qxh5+ Ke7 25. Ng6+ Kd7 26. Nxf8+ Rxf8 27. c3 Kc7 28. Rd1 Qe7 29. Qf5 Rh8 30. Bf4 Bxf4 31. Qxf4+ Kb6 32. Rf1 Qh7 33. Rf3 a5 34. Rh3 Qg7 35. Rxh8 Qxh8 36. h4 Qh5 37. Qxf6 Qd1+ 38. Qf1 Qc2 39. e5 Qxb2 40. Qe1 b4 41. cxb4 Qd4+ 42. Kh1 axb4 43. e6 Qd8 44. e7 Qe8 45. Qe5 1-0

[Event "West Wales Open"]
[Site "Pontlliw"]
[Date "2025.11.15"]
[Round "3.8"]
[White "Plotnikov, Matvii"]
[Black "Woodruff, Adam C"]
[Result "1/2-1/2"]
[WhiteElo "1710"]
[BlackElo "2054"]
[WhiteFideId "-1"]
[BlackFideId "-1"]
[PlyCount "41"]
[GameId "2254983406029057"]
[EventDate "2025.11.14"]
[EventType "swiss"]
[EventRounds "5"]
[EventCountry "WLS"]

1. Nf3 Nf6 2. c4 g6 3. b4 Bg7 4. Bb2 O-O 5. g3 d6 6. Bg2 a5 7. b5 Nbd7 8. O-O e5 9. Nc3 Nc5 10. d4 exd4 11. Nxd4 a4 12. a3 Ng4 13. Nd5 Ne5 14. Rc1 Ne6 15. f4 c6 16. Nxe6 Bxe6 17. fxe5 cxd5 18. cxd5 Bd7 19. Bd4 dxe5 20. Bc5 Bxb5 21. Rb1 1/2-1/2

[Event "West Wales Open"]
[Site "Pontlliw"]
[Date "2025.11.15"]
[Round "3.9"]
[White "Chen, Wutong"]
[Black "Underwood, Jon"]
[Result "1-0"]
[WhiteElo "1698"]
[BlackElo "1992"]
[WhiteFideId "-1"]
[BlackFideId "-1"]
[PlyCount "81"]
[GameId "2260197811871791"]
[EventDate "2025.11.14"]
[EventType "swiss"]
[EventRounds "5"]
[EventCountry "WLS"]

1. e4 c5 2. Nf3 d6 3. Bb5+ Bd7 4. Bxd7+ Nxd7 5. O-O Ngf6 6. Re1 e6 7. c3 Be7 8. d4 cxd4 9. cxd4 O-O 10. Nc3 a6 11. Bf4 Nb6 12. Nd2 Rc8 13. Qf3 Qd7 14. g4 e5 15. dxe5 dxe5 16. Be3 Bc5 17. h3 h6 18. Rad1 Qe6 19. Qf5 Qxf5 20. exf5 Rfd8 21. Bxc5 Rxc5 22. Nde4 Rxd1 23. Nxf6+ gxf6 24. Rxd1 Nc4 25. Ne4 Rc6 26. b3 Nb6 27. Rd6 Rxd6 28. Nxd6 Nd5 29. Nxb7 Nb4 30. Nc5 a5 31. Nb7 Nxa2 32. Nxa5 Kf8 33. Nc4 Ke7 34. Kg2 Kd7 35. Kg3 Kc6 36. Kh4 Nc1 37. Nd2 Nd3 38. Ne4 Kb5 39. Kg3 Nc5 40. Nxc5 Kxc5 41. Kh4 1-0

[Event "West Wales Open"]
[Site "Pontlliw"]
[Date "2025.11.15"]
[Round "3.10"]
[White "Pintea, Ovidiu"]
[Black "Zaporowski, Tomasz"]
[Result "1/2-1/2"]
[WhiteElo "1615"]
[BlackElo "1818"]
[WhiteFideId "-1"]
[BlackFideId "-1"]
[PlyCount "74"]
[GameId "2260197811875888"]
[EventDate "2025.11.14"]
[EventType "swiss"]
[EventRounds "5"]
[EventCountry "WLS"]

1. d4 Nf6 2. c4 e6 3. Nf3 d5 4. e3 c5 5. cxd5 exd5 6. Bb5+ Bd7 7. Bxd7+ Nbxd7 8. O-O c4 9. Qa4 Bd6 10. b3 O-O 11. bxc4 Nb6 12. Qc2 Nxc4 13. Nbd2 Rc8 14. Nxc4 Rxc4 15. Qb3 Qc7 16. Ba3 Bxa3 17. Qxa3 Rc8 18. Qxa7 Ne4 19. Rab1 Nd6 20. Qb6 f6 21. Qxc7 R8xc7 22. Rb6 Ne4 23. g3 Rc2 24. Ne1 Rxa2 25. Nd3 Nd2 26. Rd1 Ne4 27. Rdb1 Rd2 28. Nc5 Nxf2 29. Rxb7 Rxb7 30. Rxb7 Ng4 31. Ne6 g6 32. Rg7+ Kh8 33. Re7 h5 34. Nf4 Nxh2 35. Nxg6+ Kg8 36. Nf4 Nf3+ 37. Kf1 Nh2+ 1/2-1/2

[Event "West Wales Open"]
[Site "Pontlliw"]
[Date "2025.11.15"]
[Round "3.13"]
[White "Pintea, Vlad"]
[Black "Bahtiyorova, Nodirabegim"]
[Result "0-1"]
[WhiteElo "1611"]
[BlackElo "1757"]
[WhiteFideId "-1"]
[BlackFideId "-1"]
[PlyCount "58"]
[GameId "2255010193522781"]
[EventDate "2025.11.14"]
[EventType "swiss"]
[EventRounds "5"]
[EventCountry "WLS"]

1. d4 d5 2. c4 e6 3. Nc3 a6 4. e3 Nf6 5. Nf3 Be7 6. Bd3 dxc4 7. Bxc4 b5 8. Bd3 Bb7 9. Qc2 Nbd7 10. Ne4 Nxe4 11. Bxe4 Bxe4 12. Qxe4 c5 13. O-O O-O 14. dxc5 Nxc5 15. Qd4 Qc7 16. Qe5 Qb6 17. Bd2 Bf6 18. Qh5 Ne4 19. Rab1 Rfd8 20. Rfd1 Rac8 21. Qg4 Rc4 22. Rbc1 Nxd2 23. Rxc4 Nxf3+ 24. Qxf3 Rxd1+ 25. Qxd1 bxc4 26. b3 c3 27. Kf1 g6 28. Qb1 Qd6 29. Qd1 Qxd1# 0-1

[Event "West Wales Open"]
[Site "Pontlliw"]
[Date "2025.11.15"]
[Round "3.14"]
[White "Murthy, Arush"]
[Black "Howells, S Wyn"]
[Result "0-1"]
[Annotator "Home"]
[WhiteElo "1599"]
[BlackElo "1722"]
[WhiteFideId "-1"]
[BlackFideId "-1"]
[PlyCount "92"]
[GameId "2255012508279587"]
[EventDate "2025.11.14"]
[EventType "swiss"]
[EventRounds "5"]
[EventCountry "WLS"]

{[%evp 0,92,12,34,22,24,29,-2,46,28,28,37,97,73,72,63,60,45,71,26,72,66,92,109,118,111,173,56,82,66,51,-102,-100,-156,-149,-264,-247,-269,-276,-349,-392,-419,-344,-391,-409,-505,-134,-261,-255,-426,-459,-481,-418,-477,-513,-864,-464,-480,-549,-578,-394,-571,-261,-434,-515,-594,-565,-608,-412,-357,-499,-309,-506,-505,-491,-346,-501,-508,-504,-370,-513,-579,-599,-744,-578,-731,-727,-1022,-965,-1022,-977,-950,-1228,-1292,-1296]} 1. d4 Nf6 2. c4 c5 3. d5 b5 4. Qc2 g6 5. e4 d6 6. cxb5 a6 7. Nc3 Bg7 8. Nf3 O-O 9. bxa6 Bxa6 10. Bxa6 Rxa6 11. O-O Nbd7 12. h3 Qa8 13. Bf4 Rb8 14. Rfd1 Nb6 15. Qd3 Na4 16. Nxa4 Rxa4 17. e5 Rxf4 18. exf6 Bxf6 19. Rdb1 Bxb2 20. Qd2 Rfb4 21. a3 Rb3 22. Ra2 Bxa3 23. Rxb3 Rxb3 24. Qe2 Qxd5 25. Rd2 Qe6 26. Qxe6 fxe6 27. Ng5 e5 28. Kf1 c4 29. Rc2 Rb1+ 30. Ke2 Rb2 31. Rxb2 Bxb2 32. Kd2 d5 33. Kc2 c3 34. Nf3 e4 35. Nd4 Kf7 36. Ne2 e5 37. Nxc3 Bxc3 38. Kxc3 Kf6 39. Kd2 Kf5 40. g3 d4 41. Ke2 Ke6 42. Kd2 Kd5 43. Ke2 Kc4 44. Kd2 h5 45. h4 Kb3 46. Kd1 Kc3 0-1

[Event "West Wales Open"]
[Site "Pontlliw"]
[Date "2025.11.15"]
[Round "3.15"]
[White "Shevchenko, Danylo"]
[Black "Burton, Henry"]
[Result "1-0"]
[WhiteElo "1717"]
[BlackElo "1446"]
[WhiteFideId "-1"]
[BlackFideId "-1"]
[PlyCount "123"]
[GameId "2255013771051821"]
[EventDate "2025.11.14"]
[EventType "swiss"]
[EventRounds "5"]
[EventCountry "WLS"]

1. e4 c5 2. Nf3 e6 3. g3 Nc6 4. Bg2 d5 5. exd5 exd5 6. O-O Nf6 7. d4 Be7 8. Nc3 O-O 9. dxc5 Bxc5 10. Bg5 d4 11. Ne4 Be7 12. Nxf6+ Bxf6 13. Bxf6 Qxf6 14. Re1 Bg4 15. h3 Bh5 16. g4 Bg6 17. Nd2 Nb4 18. Ne4 Qh4 19. a3 Nc6 20. Nc5 f5 21. Nd3 fxg4 22. Qxg4 Qf6 23. Qe6+ Kh8 24. Qxf6 Rxf6 25. Be4 Raf8 26. Bxg6 Rxg6+ 27. Kh2 Rh6 28. Re2 g5 29. Rg1 Rh4 30. Nc5 Rf3 31. Rg3 g4 32. Re8+ Kg7 33. Rxf3 gxf3 34. Ne4 Kf7 35. Kg3 Rh6 36. Rc8 Ke6 37. Ng5+ Kd7 38. Rg8 Ne5 39. Rg7+ Kc6 40. Rxh7 Rxh7 41. Nxh7 a5 42. Ng5 b5 43. Nxf3 Nxf3 44. Kxf3 Kd5 45. h4 b4 46. axb4 axb4 47. Ke2 Ke4 48. h5 Kf5 49. Kd3 Kg5 50. Kxd4 Kxh5 51. Kc4 Kg4 52. Kxb4 Kf3 53. Kc4 Kxf2 54. b4 Ke3 55. b5 Kd2 56. c3 Kc2 57. b6 Kb2 58. b7 Kc2 59. b8=Q Kc1 60. Qh2 Kb1 61. Kb3 Kc1 62. Qc2# 1-0

[Event "West Wales Open"]
[Site "Pontlliw"]
[Date "2025.11.16"]
[Round "4.1"]
[White "Young, Alan J"]
[Black "May, Adam J"]
[Result "1-0"]
[Annotator "Home"]
[WhiteElo "1951"]
[BlackElo "1861"]
[WhiteFideId "-1"]
[PlyCount "57"]
[GameId "2255020121338714"]
[EventDate "2025.11.14"]
[EventType "swiss"]
[EventRounds "5"]
[EventCountry "WLS"]

{[%evp 0,57,24,19,10,22,43,9,37,30,34,25,15,19,72,54,60,39,64,109,92,68,85,80,118,121,175,119,78,100,162,126,162,248,187,121,272,316,334,333,338,311,481,490,456,515,433,556,518,479,515,386,1675,2048,2016,29972,29975,29976,29995,507]} 1. e4 c5 2. Nf3 Nf6 3. Nc3 d5 4. exd5 Nxd5 5. Bb5+ Bd7 6. Ne5 Nf6 7. Qf3 Qc8 8. a4 a6 9. Bxd7+ Nbxd7 10. Nc4 g6 11. O-O Qc7 12. Re1 Rc8 13. d3 Qc6 14. Qh3 h5 15. Bf4 e6 16. Ne5 Qb6 17. a5 Qd8 18. Nxg6 fxg6 19. Qxe6+ Be7 20. Ne4 Kf8 21. Ng5 Qe8 22. Bd6 Ng8 23. Qc4 Kg7 24. Rxe7+ Nxe7 25. Re1 Qg8 26. Rxe7+ Kh6 27. Nf7+ Kg7 28. Nxh8+ Kxh8 29. Qxg8+ 1-0